[Event "Memorial Hanaka Frantiska"]
[Site "?"]
[Date "2010.??.??"]
[Round "?"]
[White "Mezera, Lukás"]
[Black "Kýhos, Alois"]
[Result "1/2-1/2"]
[WhiteElo "2314"]
[BlackElo "2318"]
[PlyCount "85"]
[EventDate "2010.??.??"]
[EventType "corr"]

1. e4 c6 2. d4 d5 3. exd5 cxd5 4. c3 Nc6 5. Nf3 Nf6 6. Bf4 Bg4 7. Qb3 Na5 8.
Qa4+ Bd7 9. Qc2 Nc6 10. Bd3 g6 11. O-O Rc8 12. Qd2 Bg7 13. Na3 O-O 14. Rae1 Nh5
15. Bh6 f6 16. Bxg7 Kxg7 17. Nc2 Qc7 18. Ne3 Qd6 19. Bc2 Na5 20. Kh1 b5 21. g3
Kh8 22. Nh4 f5 23. Ng4 f4 24. Ne5 Nc4 25. Qd3 Nxe5 26. Rxe5 Ng7 27. Bb3 Be6 28.
Qxb5 Bh3 29. Rfe1 fxg3 30. fxg3 Rf2 31. R5e2 Qf6 32. Rxf2 Qxf2 33. Qe2 Qxe2 34.
Rxe2 Rf8 35. Re1 g5 36. Ng2 Rf2 37. Bxd5 e6 38. Be4 Rxb2 39. a3 Nf5 40. Ne3 Rb3
41. Nd1 Nd6 42. Nf2 Bf5 43. Bxf5 1/2-1/2

[Event "Memorial Hanaka Frantiska"]
[Site "?"]
[Date "2010.??.??"]
[Round "?"]
[White "Kýhos, Alois"]
[Black "Ertl, Lubos"]
[Result "1-0"]
[WhiteElo "2318"]
[BlackElo "2316"]
[PlyCount "61"]
[EventDate "2010.??.??"]
[EventType "corr"]

1. d4 Nf6 2. c4 e6 3. g3 d5 4. Bg2 Bb4+ 5. Bd2 Be7 6. Nf3 O-O 7. O-O c6 8. Qc2
Nbd7 9. a4 a5 10. Rd1 b6 11. b3 Ba6 12. Bc3 Ne4 13. Ne5 Nxe5 14. Bxe4 Ng6 15.
Bd3 Bd6 16. Nd2 Qg5 17. e3 f6 18. Be2 Rfe8 19. Rab1 Ne7 20. b4 axb4 21. Bxb4
Bc7 22. e4 Qg6 23. Bf3 Rac8 24. Qa2 Kh8 25. Qa3 Qf7 26. exd5 exd5 27. Bxe7 Rxe7
28. cxd5 cxd5 29. Bxd5 Qe8 30. Rdc1 Qd8 31. Qf3 1-0

[Event "Memorial Hanaka Frantiska"]
[Site "?"]
[Date "2010.??.??"]
[Round "?"]
[White "Canibal, Jaromír"]
[Black "Laurenc, Petr"]
[Result "0-1"]
[WhiteElo "2324"]
[BlackElo "2346"]
[PlyCount "56"]
[EventDate "2010.??.??"]
[EventType "corr"]

1. e4 c5 2. b3 d6 3. Bb5+ Bd7 4. Bxd7+ Qxd7 5. Nf3 Nf6 6. Qe2 g6 7. O-O Bg7 8.
Bb2 Nc6 9. Re1 O-O 10. h3 e5 11. d3 d5 12. Nbd2 Rfe8 13. exd5 Nxd5 14. Qd1 Rad8
15. Qc1 Nd4 16. a4 Qc6 17. a5 Nf4 18. Bxd4 cxd4 19. Qb2 Bh6 20. Rad1 Rc8 21.
Nc4 Nxh3+ 22. Kf1 f6 23. Qa3 Red8 24. Qa4 Qd5 25. Re4 Nf4 26. Rde1 Qf7 27. Ng1
Nd5 28. Ne2 Bf8 0-1

[Event "Memorial Hanaka Frantiska"]
[Site "?"]
[Date "2010.??.??"]
[Round "?"]
[White "Nedoma, Petr"]
[Black "Canibal, Jaromír"]
[Result "1/2-1/2"]
[WhiteElo "2403"]
[BlackElo "2324"]
[PlyCount "99"]
[EventDate "2010.??.??"]
[EventType "corr"]

1. d4 d5 2. c4 e6 3. Nc3 Nf6 4. Nf3 Be7 5. Bf4 O-O 6. e3 Nbd7 7. Be2 dxc4 8.
Bxc4 a6 9. a4 Nb6 10. Bd3 Nbd5 11. Be5 b6 12. O-O Bb7 13. Rc1 Bd6 14. Qe2 Nb4
15. Bb1 Qe7 16. Rfd1 Rfd8 17. e4 Rac8 18. Bxd6 cxd6 19. Ne1 a5 20. Nc2 Ba6 21.
Qe3 d5 22. e5 Ng4 23. Qh3 Nxc2 24. Rxc2 Nh6 25. f4 Nf5 26. g4 Qh4 27. Qxh4 Nxh4
28. Kf2 Ng6 29. f5 Ne7 30. f6 Nc6 31. Nb5 gxf6 32. exf6 e5 33. Rc3 e4 34. Rdc1
Nb4 35. g5 Bb7 36. Ke3 Ba6 37. Kf4 Rxc3 38. bxc3 Bxb5 39. cxb4 Bxa4 40. bxa5
bxa5 41. Ba2 h6 42. h4 hxg5+ 43. hxg5 Bb5 44. Rc5 Bc4 45. Rxa5 e3 46. Kxe3 Bxa2
47. Rxa2 Kh7 48. Kf4 Kg6 49. Rh2 Rh8 50. Rxh8 1/2-1/2

[Event "Memorial Hanaka Frantiska"]
[Site "?"]
[Date "2010.??.??"]
[Round "?"]
[White "Canibal, Jaromír"]
[Black "Mezera, Lukás"]
[Result "1/2-1/2"]
[WhiteElo "2324"]
[BlackElo "2314"]
[PlyCount "57"]
[EventDate "2010.??.??"]
[EventType "corr"]

1. e4 e5 2. Nf3 Nc6 3. Bb5 a6 4. Ba4 Nf6 5. O-O Be7 6. Re1 b5 7. Bb3 O-O 8. c3
d6 9. h3 Bb7 10. d4 Re8 11. Nbd2 Bf8 12. Bc2 g6 13. d5 Nb8 14. a4 Nbd7 15. c4
c6 16. b3 Qc7 17. Ba3 Rec8 18. Rc1 bxa4 19. bxa4 a5 20. Nf1 Rab8 21. Bd3 Qd8
22. Ne3 Ba6 23. c5 Bxd3 24. Qxd3 cxd5 25. Nxd5 Nxd5 26. Qxd5 Nxc5 27. Bxc5 Rxc5
28. Rxc5 dxc5 29. Nxe5 1/2-1/2

[Event "Memorial Hanaka Frantiska"]
[Site "?"]
[Date "2010.??.??"]
[Round "?"]
[White "Ertl, Lubos"]
[Black "Canibal, Jaromír"]
[Result "0-1"]
[WhiteElo "2316"]
[BlackElo "2324"]
[PlyCount "46"]
[EventDate "2010.??.??"]
[EventType "corr"]

1. e4 a6 2. d4 b5 3. Nf3 Bb7 4. Bd3 Nf6 5. e5 Nd5 6. O-O e6 7. a4 b4 8. Be4 Be7
9. c4 bxc3 10. bxc3 Ra7 11. c4 Ne3 12. Bxe3 Bxe4 13. Nc3 Bg6 14. d5 Rb7 15. Ne2
h6 16. Nf4 Bh7 17. Qe2 O-O 18. Rfd1 Qc8 19. Bd2 Re8 20. h4 Bc5 21. Bc3 c6 22.
dxe6 dxe6 23. Nd2 Nd7 0-1

[Event "Memorial Hanaka Frantiska"]
[Site "?"]
[Date "2010.??.??"]
[Round "?"]
[White "Laurenc, Petr"]
[Black "Nedoma, Petr"]
[Result "1-0"]
[WhiteElo "2346"]
[BlackElo "2403"]
[PlyCount "65"]
[EventDate "2010.??.??"]
[EventType "corr"]

1. d4 e6 2. e4 d5 3. Nc3 Nf6 4. e5 Nfd7 5. f4 c5 6. Nf3 Nc6 7. Be3 Qb6 8. Na4
Qa5+ 9. c3 cxd4 10. b4 Nxb4 11. cxb4 Bxb4+ 12. Bd2 Bxd2+ 13. Nxd2 O-O 14. Bd3
b5 15. Nb2 Nb6 16. O-O Nc4 17. Nbxc4 bxc4 18. Bxh7+ Kxh7 19. Qh5+ Kg8 20. Nf3
g6 21. Qh6 Qc7 22. f5 f6 23. fxg6 Qg7 24. Qh4 f5 25. Nxd4 Rb8 26. Rf3 Rb4 27.
Rh3 c3 28. Rc1 Re8 29. Rcxc3 Rb1+ 30. Kf2 Rb2+ 31. Kf3 Rb7 32. Qf6 Rbe7 33. Rh4
1-0

[Event "Memorial Hanaka Frantiska"]
[Site "?"]
[Date "2010.??.??"]
[Round "?"]
[White "Mezera, Lukás"]
[Black "Laurenc, Petr"]
[Result "1/2-1/2"]
[WhiteElo "2314"]
[BlackElo "2346"]
[PlyCount "134"]
[EventDate "2010.??.??"]
[EventType "corr"]

1. e4 e6 2. d4 d5 3. Nd2 Nf6 4. e5 Nfd7 5. f4 c5 6. Ngf3 Nc6 7. c3 Be7 8. Bd3
O-O 9. O-O Qb6 10. Qc2 g6 11. dxc5 Nxc5 12. Kh1 Bd7 13. Nb3 Nxd3 14. Qxd3 Qc7
15. Be3 Na5 16. Nbd4 Rfc8 17. Bf2 Nc4 18. Qe2 Qd8 19. a4 Na5 20. Rfc1 a6 21. h3
Rc7 22. Qe1 Rac8 23. Kh2 b6 24. Qd1 Ra8 25. Nd2 Qc8 26. Qe1 Bf8 27. b4 Nb7 28.
N4b3 Rc6 29. b5 axb5 30. axb5 Rc7 31. Rxa8 Qxa8 32. Bxb6 Rc8 33. Ra1 Qb8 34.
Nd4 Nc5 35. Ba7 Qc7 36. b6 Qd8 37. N2b3 Nxb3 38. Nxb3 Bc6 39. Na5 Qd7 40. c4
Bb7 41. Nxb7 Qxb7 42. cxd5 Qxd5 43. Qd1 Qb7 44. Qf3 Qxf3 45. gxf3 Rc2+ 46. Kh1
Rb2 47. Rc1 Bh6 48. Rc8+ Kg7 49. b7 Rxb7 50. Bc5 Rb1+ 51. Kg2 Rc1 52. Bf8+ Kg8
53. Rxc1 Bxf8 54. Rc8 Kg7 55. Kf2 Bb4 56. Ke3 h6 57. Rc7 Ba5 58. Rb7 Be1 59.
Ra7 Bg3 60. Ke4 Bf2 61. Ra4 Bg1 62. Kd3 Bh2 63. Rd4 Bg3 64. Kc4 Bf2 65. Re4 f6
66. exf6+ Kxf6 67. Kd3 Bg1 1/2-1/2

[Event "Memorial Hanaka Frantiska"]
[Site "?"]
[Date "2010.??.??"]
[Round "?"]
[White "Laurenc, Petr"]
[Black "Ertl, Lubos"]
[Result "1-0"]
[WhiteElo "2346"]
[BlackElo "2316"]
[PlyCount "57"]
[EventDate "2010.??.??"]
[EventType "corr"]

1. d4 Nf6 2. c4 e6 3. Nf3 Bb4+ 4. Nbd2 b6 5. a3 Bxd2+ 6. Qxd2 Bb7 7. e3 O-O 8.
Be2 Ne4 9. Qc2 f5 10. O-O Rf6 11. b4 a5 12. b5 d6 13. d5 Nc5 14. Nd4 Nbd7 15.
f3 Qf8 16. dxe6 Nxe6 17. Bd3 g6 18. Bb2 Nec5 19. Nb3 Re6 20. Nxc5 Nxc5 21. Rae1
Qh6 22. Qd2 Rae8 23. Bc2 Nd7 24. c5 Nxc5 25. Bb1 Nb3 26. Qc3 Rxe3 27. Qh8+ Kf7
28. Qf6+ Kg8 29. Rxe3 1-0

[Event "Memorial Hanaka Frantiska"]
[Site "?"]
[Date "2010.??.??"]
[Round "?"]
[White "Nedoma, Petr"]
[Black "Mezera, Lukás"]
[Result "1/2-1/2"]
[WhiteElo "2403"]
[BlackElo "2314"]
[PlyCount "64"]
[EventDate "2010.??.??"]
[EventType "corr"]

1. d4 d5 2. c4 e6 3. Nc3 c6 4. Nf3 dxc4 5. a4 Bb4 6. e3 b5 7. Bd2 a5 8. axb5
Bxc3 9. Bxc3 cxb5 10. b3 Bb7 11. bxc4 b4 12. Bd2 Nf6 13. Bd3 O-O 14. O-O Nbd7
15. Qc2 Qc7 16. c5 Rfb8 17. Rfb1 Bc6 18. Bc4 Qb7 19. Qd1 h6 20. Rb2 Bd5 21. Bb3
Bxb3 22. Qxb3 Qc6 23. Qa4 Qd5 24. Qa2 Qxa2 25. Rbxa2 Ne4 26. Rb2 Nxd2 27. Nxd2
a4 28. Kf1 Kf8 29. Ke2 Ke7 30. Kd3 f5 31. Rba2 a3 32. f3 Nf6 1/2-1/2

[Event "Memorial Hanaka Frantiska"]
[Site "?"]
[Date "2010.??.??"]
[Round "?"]
[White "Ertl, Lubos"]
[Black "Nedoma, Petr"]
[Result "0-1"]
[WhiteElo "2316"]
[BlackElo "2403"]
[PlyCount "64"]
[EventDate "2010.??.??"]
[EventType "corr"]

1. e4 e5 2. Nf3 Nc6 3. Bb5 a6 4. Ba4 Nf6 5. O-O Be7 6. Re1 b5 7. Bb3 O-O 8. c3
d5 9. exd5 Nxd5 10. Nxe5 Nxe5 11. Rxe5 c6 12. d4 Bd6 13. Re1 Qh4 14. g3 Qh3 15.
Re4 g5 16. Qe2 f5 17. Bxd5+ cxd5 18. Re6 Bxe6 19. Qxe6+ Kg7 20. Bxg5 Qh5 21.
Qd7+ Rf7 22. Qxd6 Qxg5 23. Qe5+ Kg6 24. Na3 f4 25. Re1 Raf8 26. Qxg5+ Kxg5 27.
Re2 b4 28. cxb4 Rc8 29. gxf4+ Kxf4 30. Nc2 Rc4 31. b3 Rc3 32. Ne1 Rb7 0-1

[Event "Memorial Hanaka Frantiska"]
[Site "?"]
[Date "2010.??.??"]
[Round "?"]
[White "Mezera, Lukás"]
[Black "Ertl, Lubos"]
[Result "1-0"]
[WhiteElo "2314"]
[BlackElo "2316"]
[PlyCount "43"]
[EventDate "2010.??.??"]
[EventType "corr"]

1. d4 Nf6 2. Nf3 e6 3. c4 Bb4+ 4. Bd2 Qe7 5. g3 Nc6 6. Nc3 O-O 7. Bg2 d5 8. a3
Bxc3 9. Bxc3 Ne4 10. Qc2 a5 11. b3 Nxc3 12. Qxc3 Bd7 13. O-O Rfd8 14. e3 Qd6
15. Rfd1 f6 16. Ne1 Ne7 17. Nd3 Bc6 18. c5 Qd7 19. Nf4 g5 20. Nd3 a4 21. b4 Bb5
22. Rd2 1-0